00367pab a2200133 454500008004000000100001700040245007400057260000900131300001300140362000800153650001800161650002100179773003300200180718b2001 xxu||||| |||| 00| 0 eng d aLoftus, Jeni aAmerica's liberalization in attitudes towards homosexuality 1973 - 82 c2001 ap.762-82 aOct aHomosexuality aSexual behaviour aAmerican Sociological Review